Zrýchlené skúšky životnosti a spoľahlivosti bezolejových piestových kompresorov

Guardado en:
Detalles Bibliográficos
Autor principal: Škopek, Karol (Autor)
Otros Autores: Chmelko, Vladimír (Orientador)
Formato: Manuscrito Libro
Lenguaje:eslovaco
Publicado: 2021
Materias:
Acceso en línea:http://is.stuba.sk/zp/portal_zp.pl?podrobnosti=165618
Etiquetas: Agregar Etiqueta
Sin Etiquetas, Sea el primero en etiquetar este registro!

MARC

LEADER 00000ntm a22000003a 4500
001 stuzp85743
003 SK-STU
005 20210717210610.3
007 ta
008 150427s2015----xo-----f-mn---000-0-slo-d
040 |a STU  |b slo 
041 0 |a slo 
100 1 |a Škopek, Karol  |u 020010  |4 aut  |U SjF Strojnícka fakulta  |T SjF Ústav aplikovanej mechaniky a mechatroniky  |X 88764  |U J0010  |Y 801  |7 88764 
242 0 1 |a Accelerated durability and reliability tests of oil-free reciprocating compressors  |y eng 
245 1 0 |a Zrýchlené skúšky životnosti a spoľahlivosti bezolejových piestových kompresorov 
260 |c 2021 
650 4 |a bezolejový kompresor  |2 slo 
650 4 |a piestový kompresor  |2 slo 
650 4 |a zrýchlené skúšky životnosti  |2 slo 
650 4 |a oil-free compressor  |2 eng 
650 4 |a piston compressor  |2 eng 
650 4 |a accelerated lifetime test  |2 eng 
700 1 |a Chmelko, Vladimír  |u 020010  |k Z1  |4 ths  |U SjF Strojnícka fakulta  |T SjF Ústav aplikovanej mechaniky a mechatroniky  |X 2396  |U J0010  |Y 801  |7 A000002396 
856 4 |u http://is.stuba.sk/zp/portal_zp.pl?podrobnosti=165618